Früchte von Bäumen - Statistiken

Allgemein
  • Dieses Quiz wurde 1.469 mal gespielt
    1.424 seit der letzten Aktualisierung
  • Das Durchschnittsergebnis liegt bei 12 aus 24
Antwortstatistiken
Bildquiz Antwort % Korrekt
Walnuss
94%
Eiche
92%
Mango
92%
Hasel
89%
Kastanie
89%
Feige
88%
Kokospalme
83%
Kakaobaum
63%
Sternfruchtbaum
61%
Ahorn
57%
Buche
56%
Oliven
45%
Quitten
44%
Litschi
39%
Dattelpalme
29%
Esskastanie
29%
Eibe
26%
Linde
24%
Cashewbaum
20%
Wacholder
20%
Kaffee
16%
Erle
14%
Platane
7%
Amberbaum
1%
Keine übereinstimmenden Quizze gefunden
Verteilung der Resultate
Anzahl Personen mit jedem Resultat
Perzentil nach korrekt beantworteten Fragen
Ihre Resultats-Entwicklung
Sie haben dieses Quiz seit der letzten Aktualisierung nicht gespielt